Manual de la construcción prefabricada: con elementos de hormigón armado y de hormigón pretensado construcción, cálculo y ejecución de las obras
Salvato in:
| Autore principale: | |
|---|---|
| Natura: | Libro |
| Lingua: | spagnolo |
| Pubblicazione: |
Barcelona
Blume
1968
|
| Soggetti: | |
| Tags: |
Aggiungi Tag
Nessun Tag, puoi essere il primo ad aggiungerne!!
|
MARC
| LEADER | 00000nam a2200000 a 4500 | ||
|---|---|---|---|
| 001 | UCU7481 | ||
| 003 | CL-VaPUC | ||
| 008 | 960705e19680000SP |||||||||||||||||spa|d | ||
| 082 | 0 | 4 | |a 691.97 |b KON |2 21 |
| 100 | 0 | |a Koncz, Tihamér |e author |9 366344 | |
| 245 | 1 | 0 | |a Manual de la construcción prefabricada: con elementos de hormigón armado y de hormigón pretensado construcción, cálculo y ejecución de las obras |
| 300 | |a 3 v | ||
| 942 | |c BK | ||
| 945 | |d 19960705 00:00:00 |a cmena | ||
| 260 | |a Barcelona |b Blume |c 1968 | ||
| 500 | |a v.1: Cimentaciones. Elementos de cubiertas y techos. Tableros para paredes | ||
| 500 | |a v.2: Naves y edificaciones de una planta | ||
| 500 | |a v.3: Edificios industriales de varias plantas. Edificios públicos. Escuelas y universidades. Edificios de varias plantas para viviendas | ||
| 650 | 0 | |a Materiales de construcción |9 260197 | |
| 650 | 7 | |a CIMIENTOS |2 CL-VaPUC |9 260635 | |
| 650 | 7 | |a TECNOLOGIA DE LA CONSTRUCCION |2 CL-VaPUC |9 260196 | |
| 650 | 7 | |a CUBIERTAS |2 CL-VaPUC |9 363975 | |
| 650 | 7 | |a TECHOS |2 CL-VaPUC |9 363976 | |
| 650 | 7 | |a PAREDES |2 CL-VaPUC |9 366345 | |
| 583 | |a last modification |c 19960705 00:00:00 |k Rodrigo Vera | ||
| 999 | |c 250118 |d 250116 | ||
| 952 | |0 0 |1 0 |4 0 |6 691_970000000000000_KON_1968 |7 0 |8 A |9 267924 |a BIBING |b BIBING |d 2019-11-19 |h v.1 |i 1703722 |o 691.97 KON 1968 |p 1703722 |r 2025-01-20 |w 2019-11-19 |y BK |k CCL | ||
| 952 | |0 0 |1 0 |4 0 |6 691_970000000000000_KON_1968 |7 0 |8 A |9 267925 |a BIBING |b BIBING |d 2019-11-19 |h v.2 |i 1703730 |o 691.97 KON 1968 |p 1703730 |r 2025-01-20 |w 2019-11-19 |y BK |k CCL | ||
| 952 | |0 0 |1 0 |4 0 |6 691_970000000000000_KON_1968 |7 0 |8 A |9 267926 |a BIBING |b BIBING |d 2019-11-19 |h v.3 |i 1703749 |o 691.97 KON 1968 |p 1703749 |r 2025-01-20 |w 2019-11-19 |y BK |k CCL | ||